Séptimas jornadas de evaluación en la Educación Superior
Guardat en:
| Autor corporatiu: | |
|---|---|
| Format: | Llibre |
| Idioma: | espanyol |
| Publicat: |
Valparaíso
Instituto de Educación. Universidad Católica de Valparaíso
1994
|
| Edició: | 1a. ed |
| Matèries: | |
| Etiquetes: |
Afegir etiqueta
Sense etiquetes, Sigues el primer a etiquetar aquest registre!
|
MARC
| LEADER | 00000cam a2200000 a 4500 | ||
|---|---|---|---|
| 001 | UCE3043 | ||
| 003 | CL-VaPUC | ||
| 005 | 20240405133419.0 | ||
| 008 | 140814e19940600cl 1 spa d | ||
| 082 | 0 | 4 | |a 378.16 |b UNI |2 21 |
| 110 | 2 | |a Universidad Católica de Valparaíso. Instituto de Educación |e author |9 622048 | |
| 245 | 1 | 0 | |a Séptimas jornadas de evaluación en la Educación Superior |
| 250 | |a 1a. ed | ||
| 260 | |a Valparaíso |b Instituto de Educación. Universidad Católica de Valparaíso |c 1994 | ||
| 300 | |a 141 p | ||
| 583 | |a last modification |c 20140814 14:58:00 |k Rodrigo Vera | ||
| 650 | 0 | 0 | |a Educación superior |9 223851 |
| 650 | 0 | 0 | |a Evaluación de la enseñanza |9 553323 |
| 942 | |c BK | ||
| 945 | |a dcastane |d 20140814 14:58:00 | ||
| 546 | |a En Español | ||
| 536 | |a Instituto de Educación. Universidad Católica de Valparaíso | ||
| 518 | |p Jornadas de Evaluación en la Educación Superior, 7, Valparaíso, junio de 1994 | ||
| 999 | |c 384765 |d 384763 | ||
| 952 | |0 0 |1 0 |3 erb |4 0 |6 378_160000000000000_UNI_1994 |7 0 |8 X |9 507717 |a FDOBUD |b FDOBUD |i 5032717 |o 378.16 UNI 1994 |p 5032717 |r 2020-01-23 |w 2020-01-23 |y BK_X |z Catalogado en:20140814 |k FHP | ||